Normal view
MARC view
Entry Topical Term
001 - CONTROL NUMBER
- control field: 51490
003 - CONTROL NUMBER IDENTIFIER
- control field: ARRUPE
005 - DATE AND TIME OF LATEST TRANSACTION
- control field: 20220506095958.0
008 - FIXED-LENGTH DATA ELEMENTS
- fixed length control field: 220506|| aca||aabn | a|a d
040 ## - CATALOGING SOURCE
- Original cataloging agency: ARRUPE
- Transcribing agency: ARRUPE
150 ## - HEADING--TOPICAL TERM
- Topical term or geographic name as entry element: Heads of state
- Geographic subdivision: Germany
- Form subdivision: Biography
670 ## - SOURCE DATA FOUND
- Source citation: Work cat.: (ARRUPE)131378: Joachimsthaler, Anton. 51486, The last days of Hitler :, 2000.